[Event "It (open)"]
[Site "masterchessopen.com Pavlodar (Kazakhstan)"]
[Date "2007.12.24"]
[Round "11"]
[White "Konovalov Oleg (RUS)"]
[Black "Seralin Berik (KAZ)"]
[Result "1-0"]
[WhiteElo "2216"]
[BlackElo "2125"]

1.e4 c5 2.Nf3 Nc6 3.d4 cxd4 4.Nxd4 Nf6 5.Nc3 d6 6.Bg5 a6 7.Qd2 e6 8.O-O-O h6
9.Bf4 Bd7 10.Nb3 Ne5 11.h3 b5 12.a3 Rb8 13.Nc5 b4 14.axb4 Rxb4 15.Bxe5 dxe5
16.Nxd7 Qxd7 17.Qxd7+ Nxd7 18.Bxa6 Bc5 19.Bb5 Bd4 20.Bxd7+ Kxd7 21.Ne2 Ke7
22.c3 Rc8 23.Rhf1 Ba7 24.Ng3 {#r} 1-0

[Event "Extra League 2007/08"]
[Site "masterchessopen.com Czech Republic"]
[Date "2008.03.02"]
[Round "9"]
[White "Cvek Robert (CZE)"]
[Black "Zawadzki Stanislaw (POL)"]
[Result "1-0"]
[WhiteElo "2532"]
[BlackElo "2447"]

1.e4 c5 2.Nf3 Nc6 3.Nc3 d6 4.d4 cxd4 5.Nxd4 Nf6 6.Bg5 e6 7.Qd2 a6 8.O-O-O Bd7
9.f3 h6 10.Be3 b5 11.Nxc6 Bxc6 12.Ne2 Qc7 13.Nd4 Bb7 14.Bd3 e5 15.Nb3 d5
16.Qa5 Qc8 17.exd5 Nxd5 18.Qe1 Qe6 19.Bd2 O-O-O 20.Qf2 Kb8 21.Kb1 Bb4 22.Bxb4
Nxb4 23.Be4 Nd5 24.Nc5 Qc6 25.Nxb7 Kxb7 26.Qd2 {#r} 1-0

[Event "Ch UrFO (open)"]
[Site "masterchessopen.com Ekaterinburg (Russia)"]
[Date "2008.03.18"]
[Round "4"]
[White "Gusjkov Yuri P (RUS)"]
[Black "Sergeev Veniamin (RUS)"]
[Result "0-1"]
[WhiteElo "2287"]
[BlackElo "2400"]

1.e4 c5 2.Nf3 Nc6 3.d4 cxd4 4.Nxd4 Nf6 5.Nc3 d6 6.Bg5 e6 7.Qd2 a6 8.O-O-O h6
9.Bf4 Bd7 10.Qe1 Nxd4 11.Rxd4 e5 12.Rd1 exf4 13.e5 dxe5 14.Qxe5+ Be7 15.Bd3
Qb8 16.Qe2 Be6 17.f3 O-O 18.g4 Bc5 19.h4 Be3+ 20.Kb1 Qe5 21.Qg2 Nd5 22.Nxd5
Bxd5 23.g5 h5 24.g6 Rad8 25.Rde1 Qf6 26.Re2 Rd6 27.Qf1 fxg6 28.Rg2 Rb6 29.c4
Bf7 {#R} 0-1

[Event "Bayern Landesliga North 2007/08"]
[Site "masterchessopen.com Bayern (Germany)"]
[Date "2008.04.06"]
[Round "8"]
[White "Werner Claus (GER)"]
[Black "Boca Harald (GER)"]
[Result "1-0"]
[WhiteElo "2243"]
[BlackElo "2166"]

1.e4 c5 2.Nf3 Nc6 3.Nc3 d6 4.d4 cxd4 5.Nxd4 Nf6 6.Bg5 e6 7.Qd2 a6 8.O-O-O Qc7
9.f4 Be7 10.Bxf6 gxf6 11.f5 Nxd4 12.Qxd4 Bd7 13.Be2 h5 14.Rhf1 Qc5 15.Qd2 b5
16.e5 fxe5 17.Ne4 Qc7 18.f6 d5 19.fxe7 dxe4 20.Rxf7 Kxf7 21.Qg5 Bc6 22.e8=Q+
Kxe8 23.Bxh5+ Qf7 24.Bxf7+ Kxf7 25.Rf1+ Ke8 26.Qg7 {#r} 1-0

[Event "Ch Germany (juniors) (Internet) (under 18) (qual4)"]
[Site "masterchessopen.com Internet"]
[Date "2008.06.11"]
[Round "7"]
[White "Schnoor Ekkehard (GER)"]
[Black "Rudolf Sebastian (GER)"]
[Result "0-1"]
[WhiteElo "1997"]
[BlackElo "2159"]

1.e4 c5 2.Nf3 Nc6 3.d4 cxd4 4.Nxd4 Nf6 5.Nc3 d6 6.Bg5 e6 7.Qd2 a6 8.O-O-O Be7
9.f4 h6 10.Nxc6 bxc6 11.Bxf6 gxf6 12.g3 Bd7 13.Bg2 Qa5 14.Kb1 Rb8 15.Ne2 Qb5
16.c3 c5 17.Rhf1 Bc6 18.f5 e5 19.Rfe1 c4 20.Ng1 a5 21.Bf1 Qc5 22.Ka1 Qxg1
23.Bxc4 Qc5 {#R} 0-1

[Event "It (open)"]
[Site "masterchessopen.com Balatonlelle (Hungary)"]
[Date "2008.06.19"]
[Round "4"]
[White "Gara Anita (HUN)"]
[Black "Nabavi Parwis (SUI)"]
[Result "1-0"]
[WhiteElo "2312"]
[BlackElo "2119"]

1.e4 c5 2.Nf3 Nc6 3.d4 cxd4 4.Nxd4 Nf6 5.Nc3 d6 6.Bg5 e6 7.Qd2 a6 8.O-O-O h6
9.Nxc6 bxc6 10.Bf4 d5 11.Qe3 Be7 12.Be2 O-O 13.h4 Re8 14.g4 Nh7 15.Qg3 a5
16.g5 hxg5 17.hxg5 Bxg5 18.Rxh7 Bxf4+ 19.Qxf4 Kxh7 20.Qxf7 {#r} 1-0

[Event "Ch Slovenia (qual)"]
[Site "masterchessopen.com Sentjur (Slovenia)"]
[Date "2008.07.03"]
[Round "1"]
[White "Starc Enej (SLO)"]
[Black "Kokol Peter (SLO)"]
[Result "0-1"]
[WhiteElo "1805"]
[BlackElo "2332"]

1.e4 c5 2.Nf3 Nc6 3.d4 cxd4 4.Nxd4 Nf6 5.Nc3 d6 6.Bg5 e6 7.Qd2 a6 8.f4 h6
9.Bxf6 Qxf6 10.Nxc6 bxc6 11.Bd3 Qd4 12.Qf2 Qb4 13.Rb1 d5 14.a3 Qa5 15.Qd2 Be7
16.O-O d4 17.b4 dxc3 {#R} 0-1

[Event "Ch Switzerland (open)"]
[Site "masterchessopen.com Samnaun (Switzerland)"]
[Date "2008.07.15"]
[Round "6"]
[White "Holzke Frank (GER)"]
[Black "Sher Miron N (USA)"]
[Result "1-0"]
[WhiteElo "2524"]
[BlackElo "2419"]

1.e4 c5 2.Nf3 d6 3.d4 Nf6 4.Nc3 cxd4 5.Nxd4 Nc6 6.Bg5 e6 7.Qd2 a6 8.O-O-O h6
9.Nxc6 bxc6 10.Bf4 d5 11.Qe3 Bb4 12.Be2 O-O 13.e5 Nd7 14.Qg3 Kh8 15.Qh3 Be7
16.Bxh6 gxh6 17.Qxh6+ Kg8 18.h4 Nxe5 19.Ne4 f5 20.Rh3 Bf6 21.Rg3+ Kf7 22.Bh5+
Ke7 23.Nxf6 Rxf6 24.Rg7+ Kd6 25.Qf4 Qa5 26.Rg3 Qxa2 27.Re1 Qa1+ 28.Kd2 Qa5+
29.b4 {#r} 1-0

[Event "It (open)"]
[Site "masterchessopen.com Vecindario (Spain)"]
[Date "2008.07.16"]
[Round "3"]
[White "Rodriguez Garcia Yaiza (ESP)"]
[Black "Stokstad Petter G (NOR)"]
[Result "0-1"]
[WhiteElo "1674"]
[BlackElo "2234"]

1.e4 c5 2.Nf3 d6 3.d4 cxd4 4.Nxd4 Nf6 5.Nc3 Nc6 6.Bg5 e6 7.Qd2 a6 8.Be2 Qa5
9.Be3 Be7 10.f4 Nxd4 11.Qxd4 e5 12.Qd3 O-O 13.O-O-O b5 14.h3 Be6 15.Kb1 Bc4
16.Qd2 Nxe4 17.Qe1 Nxc3+ 18.bxc3 Bxa2+ 19.Kc1 Rac8 20.Kb2 d5 21.Qd2 d4 22.cxd4
Bb4 23.Qd3 Bc3+ {#R} 0-1

[Event "Tournament (juniors) (under 15)"]
[Site "masterchessopen.com Pila (Poland)"]
[Date "2008.09.23"]
[Round "7"]
[White "Jacek Krystian (POL)"]
[Black "Wesolowski Edgar (POL)"]
[Result "1-0"]
[WhiteElo "2005"]
[BlackElo "1857"]

1.e4 c5 2.Nf3 d6 3.d4 cxd4 4.Nxd4 Nf6 5.Nc3 Nc6 6.Bg5 e6 7.Qd2 a6 8.f4 h6
9.Bxf6 Qxf6 10.Nxc6 bxc6 11.O-O-O d5 12.exd5 exd5 13.Nxd5 cxd5 14.Qxd5 Rb8
15.Bb5+ Rxb5 16.Rhe1+ {#r} 1-0

[Event "Czech League 2008/09 (1st) East"]
[Site "masterchessopen.com Czech Republic"]
[Date "2008.11.29"]
[Round "4"]
[White "Olsar Jaroslav (CZE)"]
[Black "Karasek Lukas (CZE)"]
[Result "1-0"]
[WhiteElo "2326"]
[BlackElo "2226"]

1.e4 c5 2.Nf3 d6 3.d4 cxd4 4.Nxd4 Nf6 5.Nc3 Nc6 6.Bg5 e6 7.Qd2 a6 8.O-O-O h6
9.Bf4 Bd7 10.Nb3 e5 11.Be3 Be6 12.f3 Rc8 13.Kb1 Qc7 14.g4 b5 15.h4 b4 16.Nd5
Bxd5 17.exd5 Nb8 18.Bh3 Nbd7 19.g5 hxg5 20.hxg5 Rxh3 21.Rxh3 Nxd5 22.Qxd5
Qxc2+ 23.Ka1 {#r} 1-0

[Event "Ch Estonia"]
[Site "masterchessopen.com Rakvere (Estonia)"]
[Date "2009.02.20"]
[Round "1"]
[White "Vovk Ilja (EST)"]
[Black "Kulaots Kaido (EST)"]
[Result "0-1"]
[WhiteElo "2247"]
[BlackElo "2575"]

1.e4 c5 2.Nf3 d6 3.d4 Nf6 4.Nc3 cxd4 5.Nxd4 a6 6.Bg5 Nc6 7.Qd2 e6 8.Rd1 Bd7
9.Be2 h6 10.Bh4 b5 11.a3 Rc8 12.O-O Nxe4 13.Qf4 Nxd4 14.Bh5 Nf6 15.Qxd4 g5
16.Nd5 e5 17.Bg3 exd4 18.Rfe1+ Be7 19.Bxd6 Nxd5 {#R} 0-1

[Event "Ch Czech Republic (juniors) (under 12)"]
[Site "masterchessopen.com Kouty nad Desnou (Czech Republic)"]
[Date "2009.03.13"]
[Round "8"]
[White "Pavelek Tomas (CZE)"]
[Black "Kubik Michael (CZE)"]
[Result "1-0"]
[WhiteElo "1945"]
[BlackElo "1704"]

1.e4 c5 2.Nf3 d6 3.d4 cxd4 4.Nxd4 Nf6 5.Nc3 Nc6 6.Bg5 e6 7.Qd2 a6 8.f3 Bd7
9.g4 Be7 10.h4 b5 11.Nce2 Qc7 12.Be3 Nxd4 13.Nxd4 Bc8 14.O-O-O Nd7 15.g5 Bb7
16.Bh3 d5 17.Bxe6 fxe6 18.Nxe6 Qd6 19.Nxg7+ Kd8 20.Bf4 Qc6 21.exd5 Qc4 22.Kb1
Bb4 23.c3 Ba5 24.Rhf1 b4 25.Qe3 bxc3 26.Qe8+ {#r} 1-0

[Event "Ch Thailand (open)"]
[Site "masterchessopen.com Bangkok (Thailand)"]
[Date "2009.04.01"]
[Round "2"]
[White "Chong Chor Yuen (HKG)"]
[Black "Thanarotrung Ratchaphon (THA)"]
[Result "1-0"]
[WhiteElo "2025"]
[BlackElo "1773"]

1.e4 c5 2.Nf3 Nc6 3.d4 cxd4 4.Nxd4 Nf6 5.Nc3 d6 6.Bg5 e6 7.Qd2 a6 8.O-O-O Qc7
9.f4 b5 10.e5 dxe5 11.Nxc6 Bb7 12.fxe5 Ne4 13.Nxe4 Bxc6 14.Nd6+ Bxd6 15.Qxd6
Qxd6 16.Rxd6 Rc8 17.Rg1 O-O 18.Be2 Rc7 19.Bf3 Bxf3 20.gxf3 Rfc8 21.Rd8+ Rxd8
22.Bxd8 Rd7 23.Rd1 Rxd1+ 24.Kxd1 h6 25.Kd2 Kh7 26.b3 Kg6 27.c4 {#r} 1-0

[Event "It (open)"]
[Site "masterchessopen.com Deizisau (Germany)"]
[Date "2009.04.10"]
[Round "3"]
[White "Swinkels Robin (NED)"]
[Black "Hirneise Jens (GER)"]
[Result "1-0"]
[WhiteElo "2516"]
[BlackElo "2284"]

1.e4 c5 2.Nf3 Nc6 3.d4 cxd4 4.Nxd4 Nf6 5.Nc3 d6 6.Bg5 e6 7.Qd2 a6 8.O-O-O Bd7
9.f3 h6 10.Be3 b5 11.Nxc6 Bxc6 12.Kb1 Qc7 13.Bd3 b4 14.Ne2 Qb7 15.Nd4 Bd7
16.g4 e5 17.Nf5 d5 18.exd5 Qxd5 19.Qe2 Be6 20.b3 Qa5 21.Bc4 Bxc4 22.Qxc4 Qb5
23.Qc7 {#r} 1-0

[Event "Cup PREFROW (cat.3)"]
[Site "masterchessopen.com Rybnik (Poland)"]
[Round "5"]
[White "Krzyzanowski Marcin (POL)"]
[Black "Dvorak Tomas (CZE)"]
[Result "1-0"]
[WhiteElo "2372"]
[BlackElo "2296"]

1.e4 c5 2.Nf3 Nc6 3.d4 cxd4 4.Nxd4 Nf6 5.Nc3 d6 6.Bg5 e6 7.Qd2 a6 8.O-O-O Bd7
9.f3 h6 10.Be3 b5 11.Nxc6 Bxc6 12.Ne2 Qc7 13.Kb1 Bb7 14.h4 Be7 15.Rh3 e5 16.g4
Nd7 17.Ng3 g6 18.h5 O-O-O 19.c4 bxc4 20.Bxc4 Kb8 21.Bxf7 Bg5 22.hxg6 Bxe3
23.Qxe3 Nc5 24.g7 Qxf7 25.gxh8=Q Rxh8 26.Nf5 {#r} 1-0

[Event "Tournament (open)"]
[Site "masterchessopen.com Conceicao do Rio Verde (Brazil)"]
[Date "2009.06.11"]
[Round "1"]
[White "Gazel Frederico (BRA)"]
[Black "Salles Sergio (BRA)"]
[Result "1-0"]
[WhiteElo "2278"]
[BlackElo "1750"]

1.e4 c5 2.Nf3 Nc6 3.d4 cxd4 4.Nxd4 Nf6 5.Nc3 d6 6.Bg5 e6 7.Qd2 a6 8.O-O-O Be7
9.f4 O-O 10.e5 dxe5 11.Nxc6 Qxd2+ 12.Rxd2 bxc6 13.fxe5 Nd5 14.Bxe7 Nxe7 15.Bd3
Bb7 16.Ne4 a5 17.Nc5 Ra7 18.Rhd1 Nd5 19.c4 Nb4 20.Be4 Ba8 21.Rd7 Rxd7 22.Rxd7
Nxa2+ 23.Kc2 Rb8 24.Ra7 Nb4+ 25.Kd2 f5 26.exf6 gxf6 27.Nxe6 {#r} 1-0

[Event "Memorial Petrosian (open)"]
[Site "masterchessopen.com Dimitrovgrad (Russia)"]
[Date "2009.06.25"]
[Round "7"]
[White "Rudnev Yuri (RUS)"]
[Black "Zaletov Yuri (RUS)"]
[Result "1-0"]
[WhiteElo "2161"]
[BlackElo "2119"]

1.e4 c5 2.Nf3 d6 3.d4 cxd4 4.Nxd4 Nf6 5.Nc3 Nc6 6.Bg5 e6 7.Qd2 a6 8.O-O-O h6
9.Bf4 Bd7 10.Nxc6 Bxc6 11.Qe3 b5 12.e5 b4 13.exf6 bxc3 14.Qxc3 Bd5 15.fxg7
Bxg7 16.Qxg7 Ke7 17.Rxd5 exd5 18.Bd3 Kd7 19.Bf5+ Kc6 20.Qg3 Kb7 21.Qb3+ Kc6
22.Rd1 Qa5 23.c4 Rab8 24.cxd5+ Kc7 25.Qc4+ Kd8 26.Bxd6 Qb6 27.Qh4+ {#r} 1-0

[Event "It (open) \"]
[Site "masterchessopen.com Lazy (Poland)"]
[Date "2009.06.26"]
[Round "7"]
[White "Jacek Krystian (POL)"]
[Black "Grochowalski Pawel (POL)"]
[Result "1-0"]
[WhiteElo "2047"]
[BlackElo "2100"]

1.e4 c5 2.Nf3 d6 3.d4 cxd4 4.Nxd4 Nf6 5.Nc3 Nc6 6.Bg5 e6 7.Qd2 a6 8.f4 h6
9.Bxf6 Qxf6 10.Nxc6 bxc6 11.O-O-O Qd8 12.Bc4 Be7 13.Qe3 Qa5 14.Bb3 Rb8 15.Kb1
O-O 16.g4 Rb4 17.h4 c5 18.a3 Rb7 19.Ka1 Bd7 20.g5 h5 21.f5 Rfb8 22.f6 Bf8
23.g6 fxg6 24.Qg5 Kh7 25.Rhg1 Be8 26.Rdf1 gxf6 27.Rxf6 Be7 28.Bxe6 Rxb2
29.Qxh5+ {#r} 1-0

[Event "Ch Poland (team) (1 liga)"]
[Site "masterchessopen.com Ustron (Poland)"]
[Date "2009.09.16"]
[Round "5"]
[White "Lewandowski Miroslaw (POL)"]
[Black "Dobrowolski Piotr (POL)"]
[Result "0-1"]
[WhiteElo "2130"]
[BlackElo "2407"]

1.e4 c5 2.Nf3 d6 3.d4 cxd4 4.Nxd4 Nf6 5.Nc3 Nc6 6.Bg5 e6 7.Qd2 a6 8.a4 Be7
9.Nxc6 bxc6 10.Be2 Rb8 11.Ra2 O-O 12.O-O d5 13.e5 Nd7 14.Bxe7 Qxe7 15.f4 a5
16.Rf3 Rb4 17.Nd1 Nc5 18.b3 f6 19.Rh3 fxe5 20.fxe5 Qa7 21.Kh1 Ba6 22.Bf3 Ne4
23.Qe1 h6 24.Rb2 Qb8 25.Rh4 Ng5 26.Rxb4 axb4 27.Qg3 Nxf3 28.gxf3 Be2 {#R} 0-1

[Event "Ch Department (juniors) (under 18)"]
[Site "masterchessopen.com Valle (Colombia)"]
[Round "7"]
[White "Narvaez Zamir (COL)"]
[Black "Valencia Adrian David (COL)"]
[Result "1-0"]
[WhiteElo "2204"]
[BlackElo "1911"]

1.e4 c5 2.Nf3 Nc6 3.d4 cxd4 4.Nxd4 Nf6 5.Nc3 d6 6.Bg5 e6 7.Qd2 a6 8.O-O-O Be7
9.h4 h6 10.Nxc6 bxc6 11.Bf4 e5 12.Be3 Ng4 13.g3 Nxe3 14.Qxe3 Rb8 15.Bc4 Qa5
16.f4 O-O 17.f5 d5 18.exd5 Bxf5 19.d6 Bf6 20.Ne4 Bxe4 21.Qxe4 Qb4 22.b3 Qa3+
23.Kb1 Rb4 24.d7 Rfb8 25.Qxc6 e4 26.d8=Q+ Rxd8 27.Rxd8+ Bxd8 28.Qe8+ {#r} 1-0

[Event "Ch World (juniors) (under 12)"]
[Site "masterchessopen.com Kemer (Turkey)"]
[Date "2009.11.20"]
[Round "9"]
[White "Paravyan David (RUS)"]
[Black "Artemenko Oleg (UZB)"]
[Result "1-0"]
[WhiteElo "2025"]
[BlackElo "2114"]

1.e4 c5 2.Nf3 Nc6 3.d4 cxd4 4.Nxd4 Nf6 5.Nc3 d6 6.Bg5 e6 7.Qd2 a6 8.O-O-O Qc7
9.f4 b5 10.Bxf6 gxf6 11.f5 Nxd4 12.Qxd4 Bh6+ 13.Kb1 Bf4 14.fxe6 fxe6 15.Be2
Be5 16.Bh5+ Ke7 17.Qd2 Qc6 18.Rhe1 Bb7 19.Re3 Qc7 20.Re2 {#r} 1-0

[Event "Extraliga 2009/10"]
[Site "masterchessopen.com Slovakia"]
[Date "2010.02.20"]
[Round "7"]
[White "Malinovsky Karel (CZE)"]
[Black "Likavsky Tomas (SVK)"]
[Result "1-0"]
[WhiteElo "2339"]
[BlackElo "2459"]

1.e4 c5 2.Nf3 d6 3.d4 cxd4 4.Nxd4 Nf6 5.Nc3 Nc6 6.Bg5 e6 7.Qd2 a6 8.O-O-O Be7
9.f4 Nxd4 10.Qxd4 b5 11.Bxf6 gxf6 12.f5 Rb8 13.fxe6 fxe6 14.Be2 O-O 15.Bg4 Kh8
16.Qd3 Qa5 17.Kb1 Rg8 18.Qh3 b4 19.Ne2 f5 20.Bf3 Bf6 21.exf5 exf5 22.Bd5 Re8
23.Nf4 Qc7 24.Qh5 Rd8 25.Rhe1 Bb7 26.Ne6 Qd7 27.Bxb7 {#r} 1-0

[Event "Ch Czech Republic (juniors) (under 16)"]
[Site "masterchessopen.com Kouty nad Desnou (Czech Republic)"]
[Date "2010.03.10"]
[Round "6"]
[White "Karlik Ondrej (CZE)"]
[Black "Rabatin Jakub (CZE)"]
[Result "0-1"]
[WhiteElo "2012"]
[BlackElo "2123"]

1.e4 c5 2.Nf3 d6 3.d4 cxd4 4.Nxd4 Nf6 5.Nc3 Nc6 6.Bg5 e6 7.Qd2 a6 8.O-O-O Bd7
9.f3 h6 10.Be3 b5 11.Kb1 Ne5 12.Bd3 b4 13.Nce2 d5 14.exd5 Nxd5 15.Nf4 Nxe3
16.Qxe3 Qc7 17.Rhe1 Bd6 18.Nh5 O-O 19.f4 Nxd3 20.Qxd3 Rfd8 21.Qg3 Bf8 22.Nf3
Rac8 23.Rc1 Kh8 24.Ne5 Be8 25.Qf3 Rd2 26.Re2 Qxc2+ {#R} 0-1

[Event "Ch Czech Republic (juniors) (under 20)"]
[Site "masterchessopen.com Kouty nad Desnou (Czech Republic)"]
[Date "2010.03.11"]
[Round "8"]
[White "Rojicek Vojtech (CZE)"]
[Black "Vlasak Lukas (CZE)"]
[Result "1-0"]
[WhiteElo "2422"]
[BlackElo "2231"]

1.e4 c5 2.Nf3 Nc6 3.d4 cxd4 4.Nxd4 Nf6 5.Nc3 d6 6.Bg5 e6 7.Qd2 a6 8.O-O-O Bd7
9.f3 h6 10.Be3 b5 11.Nxc6 Bxc6 12.Ne2 Qc7 13.Nd4 Bb7 14.Bd3 Rc8 15.Kb1 Nd7
16.g4 d5 17.exd5 Bxd5 18.Rhe1 Be7 19.Bf4 Qb7 20.Nf5 exf5 21.Bd6 Be6 22.Bxe7
Kxe7 23.gxf5 Nc5 24.fxe6 fxe6 25.Rg1 Rhg8 26.Bh7 Rcd8 27.Qc3 {#r} 1-0

[Event "It (open)"]
[Site "masterchessopen.com Norrkoeping (Sweden)"]
[Date "2010.04.03"]
[Round "5"]
[White "Berg Emanuel (SWE)"]
[Black "Rantanen Yrjo A (FIN)"]
[Result "1-0"]
[WhiteElo "2616"]
[BlackElo "2375"]

1.e4 c5 2.Nf3 Nc6 3.d4 cxd4 4.Nxd4 Nf6 5.Nc3 d6 6.Bg5 e6 7.Qd2 a6 8.O-O-O h6
9.Nxc6 bxc6 10.Bf4 d5 11.Qe3 Be7 12.Be2 a5 13.Qg3 Kf8 14.Bc7 Qe8 15.Be5 a4
16.f4 Rg8 17.f5 dxe4 18.fxe6 Bxe6 19.Kb1 Ra5 20.a3 Nd7 21.Bc7 Rg5 22.Qe3 Bd5
23.g4 Bc5 24.Qf4 e3 25.h4 {#r} 1-0

[Event "Tournament (Elo) \"]
[Site "masterchessopen.com Warsaw (Poland)"]
[Date "2010.04.27"]
[Round "3"]
[White "Przybylski Wojciech (POL)"]
[Black "Janczarski Michal (POL)"]
[Result "1-0"]
[WhiteElo "2331"]
[BlackElo "2303"]

1.e4 c5 2.Nf3 Nc6 3.d4 cxd4 4.Nxd4 Nf6 5.Nc3 d6 6.Bg5 e6 7.Qd2 a6 8.O-O-O h6
9.Be3 Be7 10.f4 Bd7 11.Nf3 b5 12.e5 b4 13.Na4 dxe5 14.fxe5 Nd5 15.Bc4 Nxe3
16.Qxe3 Rb8 17.Nc5 Qb6 18.Qd3 Qxc5 19.Qxd7+ Kf8 20.Bb3 g6 21.Rhf1 Kg7 22.Rd6
Bxd6 23.Nd4 Nxe5 24.Rxf7+ Nxf7 25.Nxe6+ Kf6 26.Nxc5 Bf4+ 27.Kb1 {#r} 1-0

[Event "Belgrade Premier League"]
[Site "masterchessopen.com Belgrade (Serbia)"]
[Date "2010.10.04"]
[Round "4"]
[White "Dizdarevic Barbara (SRB)"]
[Black "Dimic Pavle (SRB)"]
[Result "1-0"]
[WhiteElo "1951"]
[BlackElo "1954"]

1.e4 c5 2.Nf3 Nc6 3.d4 cxd4 4.Nxd4 Nf6 5.Nc3 d6 6.Bg5 e6 7.Qd2 a6 8.f4 h6
9.Bxf6 Qxf6 10.Nf3 Qd8 11.Qf2 Qa5 12.Bd3 Bd7 13.a3 Be7 14.O-O Bf6 15.Nd1 O-O
16.Ne3 b5 17.Rab1 Qb6 18.Kh1 Kh8 19.Qe1 Rae8 20.Ng4 Qd8 21.e5 dxe5 22.fxe5 Bg5
23.Nxg5 Qxg5 24.Qe4 g6 25.Nf6 Nxe5 26.h4 Qg3 27.Nxd7 Nxd7 28.Qd4+ Ne5 29.Rf3
{#r} 1-0

[Event "Ch Provincial (preferente)"]
[Site "masterchessopen.com Gandia (Spain)"]
[Date "2010.11.06"]
[Round "5"]
[White "Canamas Soler Jose Vicente (ESP)"]
[Black "Navarro Palma Javier (ESP)"]
[Result "0-1"]
[WhiteElo "1950"]
[BlackElo "1763"]

1.e4 c5 2.Nf3 d6 3.d4 cxd4 4.Nxd4 Nf6 5.Nc3 a6 6.Bg5 e6 7.Qd2 Nc6 8.O-O-O h6
9.Nxc6 bxc6 10.Bh4 Be7 11.Bg3 e5 12.Kb1 Be6 13.f4 Qa5 14.fxe5 Nxe4 15.Qe3
Nxc3+ 16.Qxc3 Qxa2+ {#R} 0-1

[Event "Cup Jose Carlos Ferreira (open)"]
[Site "masterchessopen.com Rio de Janeiro (Brazil)"]
[Date "2010.11.27"]
[Round "7"]
[White "Frota Alvaro (BRA)"]
[Black "Von Buelow Georg (GER)"]
[Result "0-1"]
[WhiteElo "2097"]
[BlackElo "2402"]

1.e4 c5 2.Nf3 Nc6 3.d4 cxd4 4.Nxd4 Nf6 5.Nc3 d6 6.Bg5 e6 7.Qd2 a6 8.O-O-O h6
9.Bxf6 Qxf6 10.Kb1 Nxd4 11.Qxd4 Qxd4 12.Rxd4 Bd7 13.Be2 Be7 14.Rhd1 Bc6 15.f4
O-O-O 16.Bf3 Kc7 17.a4 Bf6 18.R4d3 g5 19.Bh5 Bxc3 20.Rxc3 gxf4 21.Bxf7 Kd7
22.Rc4 h5 23.e5 Ke7 24.Bg6 dxe5 25.Rxd8 Rxd8 26.Be4 Bxe4 27.Rxe4 Rd1+ {#R} 0-1

[Event "Czech League 2010/11 (krajsky prebor)"]
[Site "masterchessopen.com Czech Republic"]
[Date "2011.02.27"]
[Round "9"]
[White "Fargac Martin"]
[Black "Vermirovsky Vlastimil"]
[Result "1-0"]
[WhiteElo "1990"]
[BlackElo "2033"]

1.e4 c5 2.Nf3 d6 3.d4 cxd4 4.Nxd4 Nf6 5.Nc3 Nc6 6.Bg5 e6 7.Qd2 a6 8.O-O-O h6
9.Be3 Be7 10.f3 Nxd4 11.Bxd4 b5 12.Kb1 Rb8 13.g4 b4 14.Ne2 e5 15.Be3 Be6
16.Ng3 Qa5 17.b3 d5 18.Nh5 Nxh5 19.exd5 Rd8 20.gxh5 Rxd5 21.Bd3 f5 22.Qg2 f4
23.Qxg7 Rg8 24.Qxh6 Kd7 25.Bc1 Bf8 26.Qh7+ Kc8 27.Bf5 Bxf5 28.Qxf5+ Kb8 29.Qf7
{#r} 1-0

[Event "Ch Poland (juniors) (under 16) (g)"]
[Site "masterchessopen.com Murzasichle (Poland)"]
[Date "2011.03.08"]
[Round "5"]
[White "Kaczor Katarzyna (POL)"]
[Black "Jarmuzek Karolina (POL)"]
[Result "0-1"]
[WhiteElo "1571"]
[BlackElo "1580"]

1.e4 c5 2.Nf3 Nc6 3.d4 cxd4 4.Nxd4 Nf6 5.Nc3 d6 6.Bg5 e6 7.Qd2 a6 8.O-O-O Nxd4
9.Qxd4 Be7 10.f4 O-O 11.a3 Qc7 12.Bxf6 gxf6 13.g4 Kh8 14.g5 e5 15.Nd5 Qd8
16.Qf2 exf4 17.gxf6 Bxf6 18.Nxf4 Bg7 19.Kb1 f5 20.Qe1 Qf6 21.c3 Qf7 22.exf5
Qxf5+ 23.Nd3 Be6 24.Ka1 Qd5 25.Nb4 Qxh1 {#R} 0-1

[Event "Ch Slovakia (juniors) (under 18)"]
[Site "masterchessopen.com Kupele Sliac (Slovakia)"]
[Date "2011.04.01"]
[Round "3"]
[White "Druska Juraj (SVK)"]
[Black "Kimerling Martin (SVK)"]
[Result "1-0"]
[WhiteElo "2338"]
[BlackElo "2015"]

1.e4 c5 2.Nf3 d6 3.d4 cxd4 4.Nxd4 Nf6 5.Nc3 Nc6 6.Bg5 e6 7.Qd2 a6 8.O-O-O h6
9.Bf4 Bd7 10.Bg3 Be7 11.f3 Nxd4 12.Qxd4 e5 13.Qd2 O-O 14.Bh4 g5 15.Bf2 Bc6
16.h4 Ne8 17.Be3 Ng7 18.hxg5 hxg5 19.g4 Ne6 20.Qh2 {#r} 1-0

[Event "It (open)"]
[Site "masterchessopen.com Klaipeda (Lithuania)"]
[Date "2011.07.30"]
[Round "9"]
[White "Barsciauskas Gintautas (LTU)"]
[Black "Ceponis Tadas"]
[Result "0-1"]
[WhiteElo "1827"]
[BlackElo "1781"]

1.e4 c5 2.Nf3 d6 3.d4 cxd4 4.Nxd4 Nf6 5.Nc3 Nc6 6.Bg5 e6 7.Qd2 a6 8.f3 Be7
9.Be2 Bd7 10.a4 Qc7 11.Be3 Ne5 12.b3 Rc8 13.Nd1 Ng6 14.c4 O-O 15.O-O Rfd8
16.a5 d5 17.exd5 exd5 18.Qa2 Nf4 19.Rc1 Qe5 20.Qd2 Bd6 21.g3 Nxe2+ 22.Nxe2
dxc4 23.Bd4 Bc5 24.Rxc4 Bb5 25.Rf2 Bxc4 26.bxc4 Bxd4 {#R} 0-1

[Event "It (open)"]
[Site "masterchessopen.com Porto San Giorgio (Italy)"]
[Date "2011.08.22"]
[Round "2"]
[White "Bonghi Alessandro"]
[Black "Proietti Tosca"]
[Result "0-1"]
[WhiteElo "1939"]
[BlackElo "1821"]

1.e4 c5 2.Nf3 Nc6 3.d4 cxd4 4.Nxd4 Nf6 5.Nc3 d6 6.Bg5 e6 7.Qd2 a6 8.O-O-O h6
9.Bh4 Be7 10.f4 Qc7 11.Nf3 Bd7 12.g4 O-O-O 13.h3 Rhe8 14.Bg3 e5 15.f5 Qa5
16.Bc4 Rf8 17.Rhe1 Kb8 18.Kb1 Rc8 19.Bb3 Nb4 20.a3 Nc6 21.Re3 Qc7 22.Bd5 Na5
23.Qe2 Nc4 24.Qxc4 {#R} 0-1

[Event "Ch Europe (juniors) (under 12)"]
[Site "masterchessopen.com Albena (Bulgaria)"]
[Date "2011.09.19"]
[Round "8"]
[White "Khanin Semen"]
[Black "Spacek Oliver"]
[Result "1-0"]
[WhiteElo "2134"]
[BlackElo "1907"]

1.e4 c5 2.Nf3 d6 3.d4 cxd4 4.Nxd4 Nf6 5.Nc3 Nc6 6.Bg5 e6 7.Qd2 a6 8.O-O-O Be7
9.f3 Qc7 10.g4 b5 11.Nxc6 Qxc6 12.e5 dxe5 13.f4 Bb7 14.fxe5 Qxh1 15.exf6 Bxf6
16.Bxf6 gxf6 17.Qh6 Ke7 18.g5 Qf3 19.gxf6+ Ke8 20.Qd2 Qc6 21.Ne4 Qd5 22.Qb4
Qxd1+ 23.Kxd1 Kd7 24.Qe7+ {#r} 1-0